Japanese myths and legends / (Record no. 93852)
[ view plain ]
| 000 -LEADER | |
|---|---|
| fixed length control field | 00685nam a22002177a 4500 |
| 003 - CONTROL NUMBER IDENTIFIER | |
| control field | OSt |
| 005 - DATE AND TIME OF LATEST TRANSACTION | |
| control field | 20251215104833.0 |
| 008 - FIXED-LENGTH DATA ELEMENTS--GENERAL INFORMATION | |
| fixed length control field | 251215b |||||||| |||| 00| 0 eng d |
| 020 ## - INTERNATIONAL STANDARD BOOK NUMBER | |
| International Standard Book Number | 9781398847552 |
| 040 ## - CATALOGING SOURCE | |
| Transcribing agency | HS LRC |
| 050 ## - LIBRARY OF CONGRESS CALL NUMBER | |
| Classification number | BL 2203 |
| Item number | .S642 2024 |
| 100 ## - MAIN ENTRY--PERSONAL NAME | |
| Personal name | Smith, R. Gordon |
| 9 (RLIN) | 131127 |
| 245 ## - TITLE STATEMENT | |
| Title | Japanese myths and legends / |
| Statement of responsibility, etc. | R. Gordon Smith. |
| 260 ## - PUBLICATION, DISTRIBUTION, ETC. (IMPRINT) | |
| Place of publication, distribution, etc. | London : |
| Name of publisher, distributor, etc. | Arcturus, |
| Date of publication, distribution, etc. | c2024. |
| 300 ## - PHYSICAL DESCRIPTION | |
| Extent | 254 pages ; |
| Dimensions | 24 cm. |
| 365 ## - TRADE PRICE | |
| Price amount | 1,435.00 |
| 650 ## - SUBJECT ADDED ENTRY--TOPICAL TERM | |
| Topical term or geographic name as entry element | Mythology, Japanese |
| General subdivision | Juvenile literature |
| 9 (RLIN) | 131128 |
| 650 ## - SUBJECT ADDED ENTRY--TOPICAL TERM | |
| Topical term or geographic name as entry element | Gods, Japanese |
| General subdivision | Folklore |
| Chronological subdivision | Juvenile literature |
| 9 (RLIN) | 131129 |
| 650 ## - SUBJECT ADDED ENTRY--TOPICAL TERM | |
| Topical term or geographic name as entry element | Goddesses, Japanese |
| General subdivision | Folklore |
| Chronological subdivision | Juvenile literature |
| 9 (RLIN) | 131130 |
| 942 ## - ADDED ENTRY ELEMENTS (KOHA) | |
| Source of classification or shelving scheme | Library of Congress Classification |
| Koha item type | Books |
| Withdrawn status | Lost status | Source of classification or shelving scheme | Damaged status | Not for loan | Collection code | Home library | Current library | Shelving location | Date acquired | Source of acquisition | Cost, normal purchase price | Inventory number | Total Checkouts | Full call number | Barcode | Date last seen | Copy number | Cost, replacement price | Price effective from | Koha item type |
|---|---|---|---|---|---|---|---|---|---|---|---|---|---|---|---|---|---|---|---|---|
| Library of Congress Classification | Circulation | DLSU-D HS Learning Resource Center | DLSU-D HS Learning Resource Center | Circulation | 06/24/2025 | HS LRC SY 2024-2025 | 1435.00 | CIR-002175 | BL 2203 .S642 2024 | 3HS00000002175 | 12/15/2025 | 002175 | 1435.00 | 12/15/2025 | Books |









